LOS SINDICATOS Y LA POLITICA EN MEXICO: LA CROM, 1918-1928/

INCLUYE BIBLIOGRAFIA

Uloženo v:
Podrobná bibliografie
Hlavní autor: Guadarrama, Rocío (autor)
Médium: Kniha
Edice:PROBLEMAS DE MEXICO
Témata:
Tagy: Přidat tag
Žádné tagy, Buďte první, kdo vytvoří štítek k tomuto záznamu!

MARC

LEADER 00000nam^a2200000^a^4500
001 000224670
005 20250521000000.0
009 20260310104058.854
020 |a 968-411-062-6 
035 |a 035750 
037 |a Acervo Xavier Clavigero 
082 |a 331. 880972  |b GUA 
100 |a Guadarrama, Rocío  |e (autor) 
245 1 4 |a LOS SINDICATOS Y LA POLITICA EN MEXICO:  |b LA CROM, 1918-1928/  |c ROCIO GUADARRAMA 
264 |a MEXICO :  |b ERA,  |c 1981 
300 |a 239p. 2ej. 
336 |a texto  |b txt  |2 rdacontenido 
337 |a sin mediación  |b n  |2 rdamedio 
338 |a volumen  |b nc  |2 rdasoporte 
440 |a PROBLEMAS DE MEXICO 
520 |a INCLUYE BIBLIOGRAFIA 
610 |a CROM 
649 |a XX 
650 |a SINDICATOS -  |x MEXICO -  |x ACTIVIDAD POLITICA 
910 |a Fondo General 
920 |a Impresos - Libros 
930 |a Colección General 
905 |a 101 
901 |a 035750  |b IT1  |c ACC  |i 035750  |u 20250521 
901 |a 043742  |b IT1  |c ACC  |i 043742  |u 20250521 
902 |a https://opac.biblio.iteso.mx/vufind/Record/000224670